| 000 | 01262nam a2200181Ia 4500 | ||
|---|---|---|---|
| 008 | 151202s9999||||xx |||||||||||||| ||und|| | ||
| 082 | _bPNVM-79960 | ||
| 100 | _aस्मिथ अलेक्झांडर मॅक्काल / अनु. चांदोरकर नीला. | ||
| 245 | _aमोरॅलिटी फॉर ब्यूटिफुल गर्ल्स-आंतरराष्ट्रीय बेस्ट सेलर पुस्तक. | ||
| 260 | _b"मेहता पब्लिशिंग हाऊस,पुणे." | ||
| 260 | _c2015 | ||
| 300 | _a204 | ||
| 600 | _aस्मिथ अलेक्झांडर मॅक्काल / अनु. चांदोरकर नीला. | ||
| 630 | _aमोरॅलिटी फॉर ब्यूटिफुल गर्ल्स-आंतरराष्ट्रीय बेस्ट सेलर पुस्तक. | ||
| 700 | _aस्मिथ अलेक्झांडर मॅक्काल / अनु. चांदोरकर नीला. | ||
| 730 | _aमोरॅलिटी फॉर ब्यूटिफुल गर्ल्स-आंतरराष्ट्रीय बेस्ट सेलर पुस्तक. | ||
| 942 | _cBOOK | ||
| 999 |
_c1344569 _d1344566 |
||